000 00290nam a2200109Ia 4500
005 20251222152555.0
008 251222s9999||||xx |||||||||||||| ||spa||
082 _a348.6/O26
100 _aObregón Sevillano, Tulio
245 0 _aAplicación Práctica de la Legislación Laboral
942 _cLIB
999 _c26409
_d26409